Κοινή γνώμη και έγκλημα : οι κοινωνικές αναπαραστάσεις του δολοφόνου από τα ΜΜΕ : [πτυχιακή εργασία]
Αποθηκεύτηκε σε:
| Κύριος συγγραφέας: | |
|---|---|
| Συγγραφή απο Οργανισμό/Αρχή: | |
| Μορφή: | Thesis Βιβλίο |
| Γλώσσα: | Greek |
| Δημοσίευση: |
2013
|
| Θέματα: | |
| Διαθέσιμο Online: | http://hdl.handle.net/11610/7820 |
| Ετικέτες: |
Προσθήκη ετικέτας
Δεν υπάρχουν, Καταχωρήστε ετικέτα πρώτοι!
|
MARC
| LEADER | 00000cam a2200000 i 4500 | ||
|---|---|---|---|
| 001 | 1/54233 | ||
| 008 | 140829s2013 gre d | ||
| 035 | |l 10118808 | ||
| 040 | |a GR-MY-UA |b gre |e aacr | ||
| 041 | 0 | |a gre | |
| 082 | 0 | |a 302.23 |2 (22) | |
| 100 | 1 | |a Λερός, Κωνσταντίνος. | |
| 245 | 1 | 0 | |a Κοινή γνώμη και έγκλημα : |b οι κοινωνικές αναπαραστάσεις του δολοφόνου από τα ΜΜΕ : [πτυχιακή εργασία] / |c επιμέλεια εργασίας: Κωνσταντίνος Λερός ; επιβλέπων καθηγητής: Ευστράτιος Γεωργούλας |
| 260 | |c 2013 | ||
| 300 | |a 52 σ.; |c 30 εκ. | ||
| 500 | |a Βιβλιογραφία: σ. 50-52 | ||
| 502 | |a Πτυχιακή εργασία – Πανεπιστήμιο Αιγαίου, Λέσβος, 2013. | ||
| 650 | 0 | 0 | |a Crime in mass media. |
| 650 | 0 | 0 | |a Crime |x Social aspects |z Greece. |
| 650 | 0 | 0 | |a Mass media and crime. |
| 650 | 0 | 0 | |a Mass media and public opinion |z Greece. |
| 650 | 0 | 0 | |a Dissertations, Academic |z Greece. |
| 700 | 1 | |a Γεωργούλας, Στράτος, |e dgs | |
| 710 | 2 | |a Πανεπιστήμιο Αιγαίου |b Σχολή Κοινωνικών Επιστημών |b Τμήμα Κοινωνιολογίας. | |
| 852 | |a INST |b LESVOS |c DIATR |e 20140829 |h 483 |p 005100054897 |q 005100054897 |t DIE |y 23 | ||
| 852 | |a INST |b LESVOS |c DIATR |e 20140829 |h 484 |p 005100054896 |q 005100054896 |t DIE |y 23 | ||
| 856 | |u http://hdl.handle.net/11610/7820 | ||
| 901 | |a BIBL1-2014-2 | ||
| 909 | |a Λ |b 190387 | ||
| 909 | |a Λ |b 190388 | ||
| 924 | |a ΛΕΡΟΣ |b ΚΩΝ/ΝΟΣ |y ΛΕΣΒΟΣ |z 2013-08 | ||
| 970 | |a ΤΖΑΦΕΡΗ |b ΕΥΑΓΓΕΛΙΑ |z 2014/08/29 | ||